Central Library OPAC University of Rajshahi

মহানবীর সাল্লাল্লাহু আলাইহি ওয়া সাল্লাম জীবনপ্রবাহ / (Record no. 76857)

MARC details
000 -LEADER
fixed length control field 01159nam a2200265 4500
001 - CONTROL NUMBER
control field 76857
003 - CONTROL NUMBER IDENTIFIER
rucl marc code BD-RjUL
005 - DATE AND TIME OF LATEST TRANSACTION
control field 20211209082910.0
008 - FIXED-LENGTH DATA ELEMENTS--GENERAL INFORMATION
fixed length control field 200127s2019 bg ||||| |||| 00| 0dben d
020 ## - INTERNATIONAL STANDARD BOOK NUMBER
International Standard Book Number 9789843467591
Terms of availability : Tk. 800.00
035 ## - SYSTEM CONTROL NUMBER
System control number (BD-RjUL)77081
040 ## - CATALOGING SOURCE
Original cataloging agency BD-RjUL
Language of cataloging eng
Transcribing agency BD-RjUL
041 ## - LANGUAGE CODE
Language code of text/sound track or separate title eng
082 ## - DEWEY DECIMAL CLASSIFICATION NUMBER
Edition number 23
Classification number 297.63
Author mark and year SAM 2019
100 1# - MAIN ENTRY--PERSONAL NAME
Personal name ছালাম, এস. এম. আব্দুছ
9 (RLIN) 238477
245 10 - TITLE STATEMENT
Title মহানবীর সাল্লাল্লাহু আলাইহি ওয়া সাল্লাম জীবনপ্রবাহ /
Statement of responsibility, etc. এস. এম. আব্দুছ ছালাম
246 ## - VARYING FORM OF TITLE
Title proper/short title মহানবীর (স.) জীবনপ্রবাহ
250 ## - EDITION STATEMENT
Edition statement ১ম সং
260 ## - PUBLICATION, DISTRIBUTION, ETC. (IMPRINT)
Place of publication, distribution, etc. রাজশাহী:
Name of publisher, distributor, etc. ছালেহা পাবলিকেশন্স,
Date of publication, distribution, etc. ২০১৯
300 ## - PHYSICAL DESCRIPTION
Pagination ৭৮৪ পৃ. ;
Size ২১ সেমি.
504 ## - BIBLIOGRAPHY, ETC. NOTE
Bibliography, etc গ্রন্থপঞ্জি: পৃ.[৭৭৯]-৭৮৪
600 ## - SUBJECT ADDED ENTRY--PERSONAL NAME
Personal name হযরত মুহাম্মদ (সা.)
General subdivision জীবনী
Personal name Hazrat Muhammad (SM)
General subdivision Biography
942 ## - ADDED ENTRY ELEMENTS (KOHA)
Source of classification or shelving scheme Dewey Decimal Classification
Koha item type Books
Holdings
Lost status Source of classification or shelving scheme Damaged status Not for loan Collection code Permanent Location Current Location Shelving location Date acquired Source of acquisition Cost, normal purchase price Total Checkouts Full call number Date last seen Copy number Koha item type Date checked out
  Dewey Decimal Classification   Not For Loan Non-fiction Central Library, University of Rajshahi Central Library, University of Rajshahi Reading Room 23/01/2020 The Author, Dept. of Arabic, RU 800.00   B 297.63 SAM 2019 27/01/2020 C-1 Books  
  Dewey Decimal Classification     Non-fiction Central Library, University of Rajshahi Central Library, University of Rajshahi   23/01/2020 The Author, Dept. of Arabic, RU 800.00 10 B 297.63 SAM 2019 26/08/2025 C-2 Books 25/06/2025
  Dewey Decimal Classification     Non-fiction Central Library, University of Rajshahi Central Library, University of Rajshahi   23/01/2020 The Author, Dept. of Arabic, RU 800.00 13 B 297.63 SAM 2019 04/09/2025 C-3 Books 29/06/2025
  Dewey Decimal Classification     Non-fiction Central Library, University of Rajshahi Central Library, University of Rajshahi   23/01/2020 The Author, Dept. of Arabic, RU 800.00   B 297.63 SAM 2019 27/01/2020 C-4 Books  
  Dewey Decimal Classification     Non-fiction Central Library, University of Rajshahi Central Library, University of Rajshahi   23/01/2020 The Author, Dept. of Arabic, RU 800.00   B 297.63 SAM 2019 27/01/2020 C-5 Books